<?xml version="1.0" encoding="UTF-8"?>
<record
    xmlns:xsi="http://www.w3.org/2001/XMLSchema-instance"
    xsi:schemaLocation="http://www.loc.gov/MARC21/slim http://www.loc.gov/standards/marcxml/schema/MARC21slim.xsd"
    xmlns="http://www.loc.gov/MARC21/slim">

  <leader>00944cam a2200253   4500</leader>
  <controlfield tag="001">sa 68013316 </controlfield>
  <controlfield tag="003">DLC</controlfield>
  <controlfield tag="005">20260227112620.0</controlfield>
  <controlfield tag="008">910716m19679999ii ab    b    000 0 hino </controlfield>
  <datafield tag="010" ind1=" " ind2=" ">
    <subfield code="a">sa 68013316 </subfield>
  </datafield>
  <datafield tag="040" ind1=" " ind2=" ">
    <subfield code="a">DLC</subfield>
    <subfield code="c">DLC</subfield>
    <subfield code="d">DLC</subfield>
  </datafield>
  <datafield tag="043" ind1=" " ind2=" ">
    <subfield code="a">a-ii---</subfield>
  </datafield>
  <datafield tag="050" ind1="0" ind2="0">
    <subfield code="a">DS422.C3</subfield>
    <subfield code="b">K32 1967</subfield>
  </datafield>
  <datafield tag="100" ind1="1" ind2=" ">
    <subfield code="a">Kau&#x15B;ika, R&#x325;shi Jaimin&#x12B;,</subfield>
    <subfield code="d">1919-</subfield>
  </datafield>
  <datafield tag="245" ind1="1" ind2="0">
    <subfield code="a">Mai&#x1E43; apane M&#x101;rav&#x101;&#x1E5B;&#x12B; sam&#x101;ja ko py&#x101;ra karat&#x101; h&#x16B;m&#x310;.</subfield>
    <subfield code="c">lekhaka R&#x325;shi Jaimin&#x12B; Kau&#x15B;ika "Bar&#x16B;&#x101;."</subfield>
  </datafield>
  <datafield tag="260" ind1=" " ind2=" ">
    <subfield code="a">[Kalakatt&#x101;]</subfield>
    <subfield code="b">Jaimin&#x12B;-Prak&#x101;&#x15B;ana,</subfield>
    <subfield code="c">c1967-&lt;2000   &gt;</subfield>
  </datafield>
  <datafield tag="300" ind1=" " ind2=" ">
    <subfield code="a">v. &lt;1-11, 13-16, 16, pt. 1-2   &gt; :</subfield>
    <subfield code="b">ill., maps ;</subfield>
    <subfield code="c">28 cm.</subfield>
  </datafield>
  <datafield tag="500" ind1=" " ind2=" ">
    <subfield code="a">In Hindi.</subfield>
  </datafield>
  <datafield tag="500" ind1=" " ind2=" ">
    <subfield code="a">Akhila Bh&#x101;ratavarsh&#x12B;ya M&#x101;he&#x15B;var&#x12B; Mah&#x101;sabh&#x101; amr&#x325;ta-vallar&#x12B;.</subfield>
  </datafield>
  <datafield tag="504" ind1=" " ind2=" ">
    <subfield code="a">Includes bibliographical references.</subfield>
  </datafield>
  <datafield tag="650" ind1=" " ind2="0">
    <subfield code="a">Caste</subfield>
    <subfield code="z">India</subfield>
    <subfield code="x">History.</subfield>
  </datafield>
  <datafield tag="650" ind1=" " ind2="0">
    <subfield code="a">Businesspeople</subfield>
    <subfield code="z">India</subfield>
    <subfield code="x">History.</subfield>
  </datafield>
  <datafield tag="740" ind1="0" ind2=" ">
    <subfield code="a">Akhila Bh&#x101;ratavarsh&#x12B;ya M&#x101;he&#x15B;var&#x12B; Mah&#x101;sabh&#x101; amr&#x325;ta-vallar&#x12B;.</subfield>
  </datafield>
  <datafield tag="999" ind1=" " ind2=" ">
    <subfield code="c">85031</subfield>
    <subfield code="d">85031</subfield>
  </datafield>
</record>
